000 02007nam0a2200409 i 4500
001 RU\NLR\BIBL_A\010676297
005 20260405124948.0
010 _a9785317048211
_950
021 _aRU
_b2014-97368
_95912
035 _a(NILC)RuMoRGB-007844026
035 _a(NLR Aleph) 010676297
090 _a9627859
_c9627859
100 _a20150218d2014 k y0rusy50 ca
101 0 _arus
_deng
102 _aRU
105 _ay|||z|||000zy
200 1 _aГосударство и право: теория, история, практика
_eколлективная монография
_e[сборник статей]
_fГос. ун-т упр., Каф. теории и истории гос-ва и права
_gпод ред. проф. С.Г. Киселева
210 _aМосква
_cМакс-Пресс
_d2014
215 _a127, [1] с.
_d20
300 _aРез. на англ. яз.
320 _aБиблиогр. в конце ст. и в подстроч. примеч.
606 1 _aПраво
_xИстория
_91234124
_3RU\NLR\AUTH\66185804
606 1 _aГосударство
_xИстория
_92086890
_3RU\NLR\AUTH\661263036
606 1 _aПраво
_xТеория
_91132203
_3RU\NLR\AUTH\66130636
606 1 _aГосударство
_xТеория
_92073063
_3RU\NLR\AUTH\661247934
610 0 _aфедерализм
610 0 _aгосударственная служба
610 0 _aналоговые санкции
686 1 _aХ2(0)
686 1 _aХ0
702 1 _4340
_7ca
_8rus
_aКиселев
_bС. Г.
_cд-р филос. наук
_f1956-
_gСергей Георгиевич
_933264
_3RU\NLR\AUTH\7750329
712 0 2 _4570
_aГосударственный университет управления
_bКафедра теории и истории государства и права
_cМосква
_9447074
_3RU\NLR\AUTH\880390741
801 0 _aRU
_bРГБ
_c20141225
_gRCR
942 _cBOOK
980 _aNBR